Score 0/11 Timer 04:00
0 Plays Today
Country % Correct
Niger
79.6%
Vietnam
64.2%
Nigeria
64%
Germany
57.2%
Oman
53.6%
Romania
47.2%
Gabon
44.7%
Bolivia
42.2%
Ghana
36.5%
Haiti
35.8%
Albania
25%
Remove Ads.
Support Sporcle.
Get the best of Sporcle when you Go Orange. This ad-free experience offers more features, more stats, and more fun while also helping to support Sporcle. Thank you for becoming a member.

You're not logged in!

Compare scores with friends on all Sporcle quizzes.
OR
Log In

Show Comments

Extras

Top Quizzes Today


Score Distribution

Your Account Isn't Verified!

In order to create a playlist on Sporcle, you need to verify the email address you used during registration. Go to your Sporcle Settings to finish the process.

Report this User

Report this user for behavior that violates our Community Guidelines.

Details: